000 00565nam a2200205Ia 4500
001 17454
003 GE_BSU
008 181216s||||||||xx |||||||||||||| ||und||
020 _a9780521604628
040 _cGE_BSU
080 _a811.111
100 _aHopkins,Diana. Cullen,Pauline
245 _aGrammar for IELTS with Answers: Self-study Grammar ; Reference and Practice
260 _aCambridge
260 _c2007
300 _a258p.
541 _h10 GEL.
653 _aGrammar for IELTS with Answers: Self-study Grammar ; Reference and Practice
942 _cBK
999 _c50505
_d50505